000 00356nam a2200133Ia 4500
008 220216s9999 xx 000 0 und d
100 _aJunhasavasdikul Bunja
245 0 _aDirections of Thai rubber products industry
260 _bRubber International Magazine
_c2000
300 _a57-67
650 _aRubber industry
650 _aThailand
942 _cJS
999 _c57228
_d57228